Coordinating human services : (Record no. 95)
[ view plain ]
| 000 -LEADER | |
|---|---|
| fixed length control field | 01006cam a2200301 i 4500 |
| 005 - DATE AND TIME OF LATEST TRANSACTION | |
| control field | 20260322212006.0 |
| 008 - FIXED-LENGTH DATA ELEMENTS--GENERAL INFORMATION | |
| fixed length control field | data |
| 010 ## - LIBRARY OF CONGRESS CONTROL NUMBER | |
| LC control number | 75007544 |
| 020 ## - INTERNATIONAL STANDARD BOOK NUMBER | |
| International Standard Book Number | 0875892604 |
| 020 ## - INTERNATIONAL STANDARD BOOK NUMBER | |
| International Standard Book Number | 9780875892603 |
| 040 ## - CATALOGING SOURCE | |
| Original cataloging agency | NBrockU |
| Transcribing agency | NBrockU |
| Modifying agency | CtY |
| 050 0# - LIBRARY OF CONGRESS CALL NUMBER | |
| Classification number | HV3006.A4 |
| Item number | C65 |
| 090 ## - LOCALLY ASSIGNED LC-TYPE CALL NUMBER (OCLC); LOCAL CALL NUMBER (RLIN) | |
| Classification number (OCLC) (R) ; Classification number, CALL (RLIN) (NR) | HV 40 A4 C65 1975 |
| 001 - CONTROL NUMBER | |
| control field | data |
| 245 10 - TITLE STATEMENT | |
| Title | Coordinating human services : |
| Remainder of title | new strategies for building service delivery systems / |
| Statement of responsibility, etc. | Michael T. Aiken. |
| 250 ## - EDITION STATEMENT | |
| Edition statement | 1st ed. |
| 260 0# - PUBLICATION, DISTRIBUTION, ETC. | |
| Place of publication, distribution, etc. | San Francisco : |
| Name of publisher, distributor, etc. | Jossey-Bass Publishers, |
| Date of publication, distribution, etc. | 1975. |
| 300 ## - PHYSICAL DESCRIPTION | |
| Extent | xv, 206 p. ; |
| Dimensions | 24 cm. |
| 440 #0 - SERIES STATEMENT/ADDED ENTRY--TITLE | |
| Title | Jossey-Bass behavioral science series |
| 500 ## - GENERAL NOTE | |
| General note | Includes index. |
| 504 ## - BIBLIOGRAPHY, ETC. NOTE | |
| Bibliography, etc. note | Bibliography: p. 185-196. |
| 590 ## - LOCAL NOTE (RLIN) | |
| Local note | Bibliography: p. 185-196. |
| 590 ## - LOCAL NOTE (RLIN) | |
| Local note | Includes index. |
| 590 ## - LOCAL NOTE (RLIN) | |
| Local note | Series: Jossey-Bass behavioral science series |
| 650 #0 - SUBJECT ADDED ENTRY--TOPICAL TERM | |
| Topical term or geographic name entry element | People with mental disabilities |
| General subdivision | Services for |
| Geographic subdivision | United States |
| Form subdivision | Case studies. |
| 650 #0 - SUBJECT ADDED ENTRY--TOPICAL TERM | |
| Topical term or geographic name entry element | Public welfare administration |
| Form subdivision | Case studies. |
| 700 1# - ADDED ENTRY--PERSONAL NAME | |
| Personal name | Aiken, Michael T., |
| Dates associated with a name | 1932- |
| Withdrawn status | Lost status | Damaged status | Not for loan | Home library | Current library | Shelving location | Date acquired | Total checkouts | Full call number | Barcode | Date last seen | Price effective from | Koha item type |
|---|---|---|---|---|---|---|---|---|---|---|---|---|---|
| Centerville | Centerville | General stacks | 22/03/2026 | HV3006.A4 C65 | BC0010098 | 22/03/2026 | 22/03/2026 | Books |